Pronósticos, series de tiempo y regresión: un enfoque aplicado

Saved in:
书目详细资料
Main Authors: Bowerman, Bruce L (Author), O'Connell, Richard T (Author), Koehler, Anne B (Author)
格式: 图书
语言:西班牙语
出版: Ciudad de México Cencage Learning 2007
主题:
标签: 添加标签
没有标签, 成为第一个标记此记录!

MARC

LEADER 00000cam a2200000 a 4500
001 UCF0071
003 CL-VaPUC
008 120427e20070000MX |||||||||||||||||spa|d
020 |a 9789706866066 
082 0 4 |a 519.2  |b BOW  |2 21 
100 0 |a Bowerman, Bruce L  |e author  |9 561906 
700 0 |a O'Connell, Richard T  |e author  |9 561907 
700 0 |a Koehler, Anne B  |e author  |9 561908 
245 1 0 |a Pronósticos, series de tiempo y regresión: un enfoque aplicado 
300 |a 695 p 
942 |c BK 
945 |d 20120427 00:00:00  |a cmena 
260 |a Ciudad de México  |b Cencage Learning  |c 2007 
650 0 |a Estadística matemática  |9 260028 
650 0 |a Análisis de series de tiempo   |9 260363 
650 7 |a MODELO DE REGRESION  |2 CL-VaPUC  |9 424753 
583 |a last modification  |c 20120904 05:21:22  |k Rodrigo Vera 
999 |c 347575  |d 347573 
952 |0 0  |1 0  |4 0  |6 519_200000000000000_BOW_2007  |7 0  |8 A  |9 449007  |a BIBGIM  |b BIBGIM  |d 2019-11-22  |i 4863097  |l 1  |o 519.2 BOW 2007  |p 4863097  |r 2025-01-15  |s 2024-06-10  |w 2019-11-22  |y BK  |k COM 
952 |0 0  |1 0  |4 0  |6 519_200000000000000_BOW_2007  |7 0  |8 A  |9 449008  |a BIBGIM  |b BIBGIM  |d 2019-11-22  |i 4863100  |o 519.2 BOW 2007  |p 4863100  |r 2025-01-15  |w 2019-11-22  |y BK  |k COM 
952 |0 0  |1 0  |4 0  |6 519_200000000000000_BOW_2007  |7 0  |8 A  |9 449009  |a BIBGIM  |b BIBGIM  |d 2019-11-22  |i 4863119  |o 519.2 BOW 2007  |p 4863119  |r 2025-01-15  |w 2019-11-22  |y BK  |k COM